000 00970nac a22002897a 4500
001 BR9602868
003 BR-BrBNA
005 20240105121723.0
008 230509b bl.|||m| |||| 00| 0 por d
040 _aBR-BrBNA
_bpor
_cBiblioteca Nacional de Agricultura
072 _aF30; F01
090 _a0336 BR9602868
100 1 _aMiranda, M.A.C.
100 1 _aDiehl, S.R.L.
100 1 _aInterliche, P.H.
110 1 _aCoordenadoria de Assistencia Tecnica Integral, Campinas, SP (Brasil)
245 1 _aSoja recomendacoes de cultivares e epocas de plantio para o estado de Sao Paulo ano agricola 95/96
260 3 _aCampinas, SP (Brasil):
_c1995.
300 _a3 p.
490 _aComunicado Tecnico - Coordenadoria de Assistencia Tecnica Integral (Brazil)
_vno. 126
_xISSN 0100-3607
650 _aSoja
650 _aVariedade
650 _aEpoca de Plantio
650 _aSao Paulo
909 _a202312
_bLúcia Elande
_c55
_dLúcia Elande
942 _2AGRIS
_n0
_cMS
999 _c287033
_d287033